000 00485nmm a2200169Ia 4500
008 251105s9999||||xx |||||||||||||||||und||
020 _a8497425553
041 _aspa
100 _aRíos, Fernando de los
245 0 _aEl sentido humanista del socialismo
264 _a[Madrid, España] :
_bBiblioteca Nueva,
_c2006
300 _a352 páginas
490 _aBiblioteca del 14
650 _aPhilosophy, Ethics
856 _uhttps://public.digitaliapublishing.com/a/68
942 _cCF
999 _c74226
_d74226